[Event "Olympiad-44"]
[Site "Chennai"]
[Date "2022.08.03"]
[Round "6.2"]
[White "Amega Dzaka, Komi Nukunu"]
[Black "Bridet, Robert"]
[Result "1/2-1/2"]
[WhiteElo "1639"]
[BlackElo "1497"]
[PlyCount "72"]
[EventDate "2022.07.29"]
[EventType "team-swiss"]
[EventRounds "11"]
[EventCountry "IND"]
[SourceTitle "CBM 210"]
[Source "ChessBase"]
[SourceDate "2022.10.31"]
[SourceVersion "1"]
[SourceVersionDate "2022.10.31"]
[SourceQuality "1"]
[WhiteTeam "Togo"]
[BlackTeam "Dominica"]
[WhiteTeamCountry "TOG"]

1. d4 Nf6 2. Nf3 d5 3. Bf4 Nc6 4. e3 e6 5. c3 Bd6 6. Bg5 h6 7. Bh4 g5 8. Bg3 Ne4 9. Bxd6 Nxd6 10. Nbd2 b6 11. Bd3 Ne7 12. Ne5 Bb7 13. Qh5 a6 14. Ndf3 Nef5 15. Bxf5 exf5 16. Nd2 Qe7 17. 0-0-0 0-0-0 18. Qe2 Qe8 19. Rhe1 f6 20. Nd3 Qa4 21. Kb1 Ne4 22. Nxe4 fxe4 23. Nc1 Bc6 24. Nb3 Bb5 25. Qg4+ Kb8 26. Qe6 Bc4 27. Nc1 Rd6 28. Qf7 a5 29. b3 Qb5 30. a4 Qa6 31. bxc4 Qxc4 32. Kc2 Rc6 33. Ne2 Qa2+ 34. Kc1 Qa1+ 35. Kc2 Qa2+ 36. Kc1 Qa1+ 1/2-1/2

[Event "Francophonie-chT Rapid"]
[Site "Tornelo INT"]
[Date "2022.06.04"]
[Round "5.3"]
[White "Amega Dzaka, Komi Nukunu"]
[Black "Doknjas, Neil"]
[Result "0-1"]
[WhiteElo "1639"]
[BlackElo "2128"]
[PlyCount "98"]
[EventDate "2022.06.04"]
[EventType "team-swiss (rapid)"]
[EventRounds "11"]
[EventCountry "FRA"]
[SourceTitle "CBM 208 Extra"]
[Source "ChessBase"]
[SourceDate "2022.07.31"]
[SourceVersion "1"]
[SourceVersionDate "2022.07.31"]
[SourceQuality "1"]
[WhiteTeam "Togo"]
[BlackTeam "Canada"]
[WhiteTeamCountry "TOG"]
[BlackTeamCountry "CAN"]

1. d4 Nf6 2. Nf3 d5 3. Bf4 c5 4. c3 Qb6 5. Qb3 c4 6. Qc2 g6 7. Nbd2 Bf5 8. Qc1 Nc6 9. e3 Bg7 10. Be2 0-0 11. 0-0 Nh5 12. Bg3 Rfe8 13. b3 cxb3 14. axb3 Rac8 15. c4 Nxg3 16. hxg3 e5 17. c5 Qc7 18. Bb5 exd4 19. exd4 a6 20. Bxc6 Qxc6 21. Re1 Rxe1+ 22. Qxe1 Re8 23. Qf1 Kf8 24. Re1 Rxe1 25. Qxe1 Qe6 26. Qxe6 fxe6 27. b4 Ke7 28. Kf1 Kd7 29. Ne5+ Bxe5 30. dxe5 Kc6 31. f3 h5 32. Nb3 Kb5 33. Na5 Kxb4 34. Nxb7 Kb5 35. Kf2 Kc6 36. Nd6 Kxc5 37. Nxf5 gxf5 38. g4 hxg4 39. fxg4 fxg4 40. Kg3 a5 41. Kxg4 a4 42. Kh5 a3 43. g4 a2 44. g5 a1Q 45. g6 Qxe5+ 46. Kh6 Qh8+ 47. Kg5 Kd4 48. Kf4 Qf6+ 49. Kg4 Ke4 0-1